000 00295 a2200121 4500
001 147045
040 _cEscola São Tomás de Aquino
100 _aIACOCCA, Liliana
240 1 0 _aO pernilongo apaixonado
_lpor
245 1 0 _aO pernilongo apaixonado
697 _a*LITERATURA INFANTIL
942 _cBK
999 _c147045
_d147045